| 000 | 00560 a2200181 4500 | ||
|---|---|---|---|
| 003 | OSt | ||
| 005 | 20240127125722.0 | ||
| 008 | 240127b |||||||| |||| 00| 0 eng d | ||
| 020 | _a9789392115165 | ||
| 040 | _coclc | ||
| 082 |
_a297.63 _bSCH/M |
||
| 100 |
_a Schimmel, Annemarie _92456 |
||
| 245 |
_aMuhammad Avante Thirudoothar= And Muhammad Is His Messenger / _cAnnemarie Schimmel |
||
| 250 | _a1st ed. | ||
| 260 |
_aMalappuram: _bBook Plus Publishers, _c2021. |
||
| 300 | _a528p. | ||
| 942 |
_2ddc _cBK _hSCH/M _i297.63 _kSCH/M _m297.63 |
||
| 999 |
_c43333 _d43333 |
||